000 00620cam a2200229 4500
001 J101132
008 000000n1999 000 0 eng u
035 _a(Sirsi) u101132
041 _aeng
050 _a711.552
110 _aBritish Council of Shopping Centres
_91982
245 _aShopping centre progress 1999-2000.
260 _aLondon
_bEstates Gazette
_c1999
300 _a195p. : ill. ; 30cm.
350 _a20
650 _aRETAILING
650 _aSHOPPING CENTRES
690 _aPROPERTY-COMMERCIAL PROPERTY-RETAIL PROPERTY
710 _aEstates Gazette
_9298
942 _n0
948 _c09/11/1998
999 _c100014
_d100014